000 00558nam a22001577a 4500
003 macl
005 20200218125928.0
008 200218b xxu||||| |||| 00| 0 eng d
040 _cmacl
082 _a920/SIN
100 _aसिंह ,नंद किशोर
_978300
245 _aम‍हान विचारक ज्‍योतिबा फुले
260 _aदिल्‍ली
_bजीएस पब्लिशर डिस्‍ट्रीब्‍यूटर्स
_c2018
650 _aजीवनी
_97943
942 _2ddc
_cHIN
999 _c62141
_d62141